000 00615nam a2200229Ia 4500
003 OSt
005 20220928101713.0
006 a|||||r|||| 00| 0
007 ta
008 220927b |||||||| |||| 00| 0 eng d
024 _a47783
037 _cTextual
040 _aSDCL
_cSDCL
_beng
041 _2eng
_aeng
082 _ao152,1N34,1, M0
100 _aVajpayi kallash
_9394008
245 0 _aMahaswapn ka madhyantar.
260 _aNew Delhi
_bNational Publishing House
_c1980
300 _a113p.
_ccm.
942 _ho152,1N34,1, M0
_cTEXL
_2CC
999 _c709573
_d709573